Un reloj hace tic tac en navidad /
Guardado en:
| Autor Principal: | |
|---|---|
| Formato: | Libro |
| Publicado: |
Barcelona :
Plaza & Janés
|
| Materias: | |
| Etiquetas: |
Agregar Etiqueta
Sin Etiquetas, Sea el primero en etiquetar este registro!
|
| LEADER | 00632nam a22002175a 4500 | ||
|---|---|---|---|
| 001 | CEM.cems011206 | ||
| 005 | 20071101151836.0 | ||
| 008 | 130507b######################000#0#####d | ||
| 003 | CEMS | ||
| 020 | |a 8401570646 | ||
| 082 | 0 | 4 | |a 818.5 |
| 100 | 1 | |a Highsmith, Patricia | |
| 245 | 1 | 0 | |a Un reloj hace tic tac en navidad / |c Patricia Highsmith ; traducción de Jordi Beltrán |
| 260 | |a Barcelona : |b Plaza & Janés | ||
| 300 | |a 111 p. | ||
| 505 | 0 | |a Sustancia de locura | |
| 653 | |a Literatura | ||
| 653 | |a Novela policial | ||
| 653 | |a Novela | ||
| 653 | |a Literatura eeuu | ||
| 859 | |a CEMS |b BIB. CEMS - 11 de abril |h 818.5 |i H537 |p 21926.02 |t Ej.1 | ||
